| 000 | 00964cam a2200265 a 4500 | ||
|---|---|---|---|
| 003 | MX-MxUPN | ||
| 005 | 20240528063643.0 | ||
| 008 | 190508s2008 mx o fr 000 0 spa d | ||
| 020 | _a9789707531932 | ||
| 035 | _aUPN01000230370 | ||
| 040 |
_aMX-MxUPN _bspa |
||
| 050 | 4 |
_aF1221 G82 _bV43 2008 |
|
| 100 | 1 |
_aVélez Storey, Jaime _935916 |
|
| 100 | 1 |
_aHarriss Clare, Claudia J. _952062 |
|
| 245 | 1 | 0 | _aGuarijíos |
| 250 | _aPrimera edición | ||
| 260 |
_aMéxico, D.F. : _bSecretaría de Educación Pública : _bComisión Nacional para el Desarrollo de los Pueblos Indígenas, Dirección General de Educación Indígena , _c2008. |
||
| 300 |
_a31 páginas : _bfotografías |
||
| 490 | 0 | _aPueblos indígenas del México contemporáneo | |
| 650 | 4 |
_aGuarijíos _xVida social y costumbres _923318 |
|
| 650 | 4 |
_95132 _aIndígenas de México _xVida social y costumbres |
|
| 902 | _bVíctorGodínez/270524 | ||
| 942 |
_2lcc _cFOLL |
||
| 999 |
_c202465 _d202465 |
||